PKA LF11 - Ernährung - Statistiken

Allgemein
  • Dieses Quiz wurde 20 mal gespielt
  • Das Durchschnittsergebnis liegt bei 6 aus 15
Antwortstatistiken
Frage Antwort % Korrekt
Woraus setzen sich Proteine zusammen? Aminosäuren
82%
Welcher Stoff ist nicht verdaulich? Ballaststoffe
82%
Fachbegriff für Eiweiß? Proteine
71%
Wenn Fett bei Raumtemp. flüssig ist nennt man es...? Öl
65%
Wie nennt sich Mehrfachzucker (Fachbegriff)? Polysaccharide
53%
Was liefert dem Körper Energie (2 Nennungen)? Kohlenhydrate und Fette
41%
Für was ist Lactose ein Beispiel (Fachbegriff)? Disaccharide
35%
In welche Gruppen unterscheiden sich Vitamine? Wasserlöslich und Fettlöslich
35%
Welche Fettsäure ist gut für den Körper? Mehrfach ungesättigt
29%
Für was ist Vollkornbrot ein Beispiel ("Umgangssprachlich") Mehrfachzucker
29%
Welche Art von zucker ist "schlecht" (Fachbegriff)? Monosaccharide
29%
Was sind Folgen von Proteinmangel (Grob)? Mangelerscheinungen
24%
Was bedeutet OTC? Over the counter
24%
Eigenschaften von gesättigten Fettsäuren (eine reicht)? Flüssig, erhöht LDL, kann selber hergestellt werden
18%
In welche Gruppen werden Mineralstoffe unterschieden? Mengen und Spurenelemente
18%
Keine übereinstimmenden Quizze gefunden
Verteilung der Resultate
Anzahl Personen mit jedem Resultat
Perzentil nach korrekt beantworteten Fragen
Ihre Resultats-Entwicklung
Sie haben dieses Quiz noch nicht gespielt